Posudzovanie vplyvov na životné prostredie

Bibliographic Details
Main Authors: Kozová, Mária, 1948- (Author), Drdoš, Ján, 1934-2009 (Author), Pavličková, Katarína, 1960- (Author), Úradníček, Štefan (Author)
Format: Book
Language:Slovak
PhysicalDescription:159 s. Tab. 29 cm
Published: Bratislava Univerzita Komenského 1996
ISBN:8022310522
Subjects:

MARC

LEADER 00000nam a2200000 a 4500
001 vtls001275675
003 SK-MaSNL
005 20260301064618.0
008 240509s1996 xo ap r yy slo
015 |a SNBA1997/0501208 
020 |a 8022310522  |c 80,00 Sk 
035 |a SNK000226898 
035 |a urn:nbn:sk:snk-amye10 
035 |a urn:nbn:sk:snk-am00ce12 
035 |a A572626C-7FD7-4B0A-868E-605413CF92BA 
040 |a SNK  |b slo  |c SNK  |e AACR2 
041 0 |a slo 
044 |a xo  |c SK 
080 |a 504+349.6(075.8)  |2 1981 
080 |a 349.6(075.8)  |2 1981 
245 0 |a Posudzovanie vplyvov na životné prostredie  |c Mária Kozová a kolektív 
260 |a Bratislava  |b Univerzita Komenského  |c 1996 
300 |a 159 s.  |b Tab.  |c 29 cm 
500 |a 300 výt. 
504 |a Bibliogr. s. 155-159 
650 0 7 |a prostredie životné  |x vplyvy  |x posudzovanie  |2 SNK  |9 382186 
655 7 |a Textbooks (higher)  |2 SNKPHeng  |9 276436 
655 7 |a učebnice vysokých škôl  |2 SNKPH  |9 70191 
700 1 |a Kozová, Mária,  |d 1948-  |4 aut  |9 98619 
700 1 |a Drdoš, Ján,  |d 1934-2009  |4 aut  |9 183839 
700 1 |a Pavličková, Katarína,  |d 1960-  |4 aut  |9 213933 
700 1 |a Úradníček, Štefan  |4 aut  |9 285385 
919 |a 80-223-1052-2 
958 |a TL 
958 |a NB 
958 |a UV 
999 |c 627554  |d 629484 
952 |t P60, <09>, [BOOK], {629}  |a SNK  |b SNK  |y NEVYP  |7 0  |o snkB 169  |i snk555/970219  |0 0  |1 0  |4 0  |d 1997-02-18  |l 0  |r 2005-01-02 00:00:00  |w 2026-02-23 
952 |t P60, <03>, [BOOK], {603}  |a SNK  |b SNK  |y PREZ  |7 0  |p 17A0036714  |o snkSB 56484  |i snkKSP 1212/97  |0 0  |1 0  |4 0  |d 1997-02-18  |f 1  |l 0  |r 2025-04-02 00:00:00  |w 2026-02-23 
952 |t P60, <04>, [BOOK], {604}  |a SNK  |b SNK  |y VYP  |7 0  |p 17A0036715  |o snkSB 56484 D1  |i snkKSP 1213/97  |0 0  |1 0  |4 0  |d 1997-02-18  |l 0  |r 2005-01-02 00:00:00  |w 2026-02-23